|
|
|
|
| LEADER |
01009nam a22002412a 4500 |
| 001 |
000068056 |
| 003 |
CZ BrMZK |
| 005 |
20070307155857.0 |
| 008 |
950407s1973 xr f cze d |
| 040 |
|
|
|a BOA001
|b cze
|
| 100 |
1 |
|
|a Kiša, Engelbert,
|d 1927-1981
|7 jk01060217
|4 aut
|
| 245 |
1 |
0 |
|a Organická chemie.
|n Část 2. Díl 1,
|p Praktická a laboratorní cvičení.
|p Bezpečnost práce a laboratorní technika /
|c [Autor:] E. Kiša, M. Gregor
|
| 246 |
3 |
0 |
|a Praktická a laboratorní cvičení
|
| 246 |
3 |
0 |
|a Bezpečnost práce a laboratorní technika
|
| 250 |
|
|
|a 1. vyd.
|
| 260 |
|
|
|a Brno :
|b Univerzita J.E. Purkyně,
|c 1973
|
| 300 |
|
|
|a 149 s.
|
| 700 |
1 |
|
|a Gregor, Miroslav
|7 xx0018742
|
| 910 |
|
|
|a BOA001
|b PK-N-0016.326,2/1
|
| 964 |
|
|
|a Laboratoře chemické - práce - bezpečnost - učebnice - školy vysoké
|
| 964 |
|
|
|a Laboratoře chemické - práce - učebnice - školy vysoké
|
| 990 |
|
|
|a BK
|
| 996 |
7 |
|
|b 3119960525
|c PK-N-0016.326,2/1
|l MZK
|r Sklad / do 1 hodiny
|n 4
|w 000068056
|u 000010
|a 1
|e BOA001
|j MZK50
|s A
|